Philanthropy and the hospitals of London : the King's Fund, 1897-1990

Αποθηκεύτηκε σε:
Λεπτομέρειες βιβλιογραφικής εγγραφής
Κύριος συγγραφέας: Prochaska, F. K.
Μορφή: Βιβλίο
Γλώσσα:English
Δημοσίευση: Oxford : Clarendon , 1992.
Θέματα:
Ετικέτες: Προσθήκη ετικέτας
Δεν υπάρχουν, Καταχωρήστε ετικέτα πρώτοι!

MARC

LEADER 00000cam a2200000 i 4500
001 1/5835
008 960617s1992 enk| ||| |||| ||eng||
020 |a 0198202660 
035 |l 10016145 
040 |a GR-MyUa  |b gre  |e AACR2 
041 0 |a eng 
082 7 |a 362.1109421   |2 (22) 
100 1 |a Prochaska, F. K. 
245 1 0 |a Philanthropy and the hospitals of London :   |b the King's Fund, 1897-1990 /   |c F.K. Prochaska. 
260 |a Oxford :   |b Clarendon ,   |c 1992. 
300 |a 308 σ. ;   |c 25 εκ. 
504 |a Περιλαμβάνει βιβλιογραφικές παραπομπές και ευρετήριο. 
610 2 0 |a King Edward's Hospital Fund for London. 
650 0 |a Voluntary hospitals  |z England  |z London  |x Finance  |x History. 
852 |a INST  |b LESVOS  |e 19960617  |h 362.1109421 PRO  |p 005100009957  |q 005100009957  |t BK  |y 0